Износостойкость деталей пусковых двигателей ПД-10М и методика стендовых ускоренных износных испытаний (Запись № 8723967)

Подробности
000 -МАРКЕР
контрольное поле 01251nam0a22002411 4500
001 - ИДЕНТИФИКАТОР ЗАПИСИ
контрольное поле rc\4441663
005 - ИДЕНТИФИКАТОР ВЕРСИИ
контрольное поле 20250611173840.0
035 ## - ДРУГИЕ СИСТЕМНЫЕ НОМЕРА
Идентификатор записи (NLR Aleph) 008315448
100 ## - ДАННЫЕ ОБЩЕЙ ОБРАБОТКИ
Данные общей обработки 20130416d1964 |||y0rusy50 ca
101 0# - ЯЗЫК РЕСУРСА
Язык текста, звукозаписи и т.д. русский
102 ## - СТРАНА ПУБЛИКАЦИИ ИЛИ ПРОИЗВОДСТВА
Страна публикации Российская Федерация
105 ## - ПОЛЕ КОДИРОВАННЫХ ДАННЫХ: ТЕКСТОВЫЕ МАТЕРИАЛЫ, МОНОГРАФИЧЕСКИЕ
Кодированные данные о монографическом текстовом документе y z |||||
200 1# - ЗАГЛАВИЕ И СВЕДЕНИЯ ОБ ОТВЕТСТВЕННОСТИ
Основное заглавие Износостойкость деталей пусковых двигателей ПД-10М и методика стендовых ускоренных износных испытаний
Первые сведения об ответственности Тезисы сообщ. канд. техн. наук М.П. Зубиетовой на семинаре "Увеличение долговечности тракторов, дизелей и запасных частей. (ВДНХ, февр. 1964 г.)
Последующие сведения об ответственности Гос. ком. автотракторного и с.-х. машиностроения при Госплане СССР. Гос. союзный науч.-исслед. тракторный ин-т НАТИ
210 ## - ПУБЛИКАЦИЯ, РАСПРОСТРАНЕНИЕ И ДР.
Место издания, распространения и т.д. Москва
Имя издателя, распространителя и т. д. Б. и.
Дата издания, распространения и т.д. 1964
215 ## - ФИЗИЧЕСКАЯ ХАРАКТЕРИСТИКА
Специфическое обозначение материала и объем [1] с.
Размеры 29
300 ## - ОБЩИЕ ПРИМЕЧАНИЯ
Текст примечания Отпеч. множит. аппаратом
700 #1 - ИМЯ ЛИЦА - ПЕРВИЧНАЯ ОТВЕТСТВЕННОСТЬ
Начальный элемент ввода Зубиетова
Часть имени, кроме начального элемента ввода М.П.
801 #0 - ИСТОЧНИК ЗАПИСИ
Страна Российская Федерация
Организация NLR
Правила каталогизации psbo
801 #1 - ИСТОЧНИК ЗАПИСИ
Страна Российская Федерация
Организация ELAR
Источник данных rusmarc
852 ## - МЕСТОНАХОЖДЕНИЕ И ШИФР ХРАНЕНИЯ
Идентификатор организации NLR
Шифр хранения (Call Number) 64-8/688
942 ## - ДОПОЛНИТЕЛЬНЫЕ ЭЛЕМЕНТЫ ЗАПИСИ (АБИС)
Тип экземпляра АБИС Книга
980 ## - КОЛЛЕКЦИЯ
Название коллекции Национальная библиография
Экземпляры
Тип экземпляра Дата поступления Библиотека постоянного хранения Библиотека текущего хранения Место хранения Шифр хранения Штрих-код Статус экземпляра
Книга 26.10.2013 РНБ (Московский) РНБ (Московский) Русский книжный фонд: издания с 1957 года 64-8/688 8315448-10